000 00312nam a22001217a 4500
008 180515b xxu||||| |||| 00| 0 eng d
041 _aeng
080 _a043.3
100 _a0
101 _aSHP-BTH
245 _aKonferenca Ndërkombëtare për Kosovën (Konferenca e Rambujesë)
_cBaraliu,A.Z
942 _2udc
_cBK
999 _c45806
_d45806